000 01646cam a22004934i 4500
003 PE-LiUPU
005 20250731184536.0
008 171226s2013 xxu0 rb 001 0 eng d
020 _a9781589836563
035 _a(Sirsi) a240644
040 _aPE-LiUPU
_bspa
_cPE-LiUPU
_erda
049 _aPRUA
082 0 4 _a939.3
_bM57
_223
100 1 _aMiller, Jared,
_eautor.
245 1 0 _aRoyal Hittite instructions and related administrative texts /
_cedited by Jared L. Miller.
264 1 _aNueva york :
_blibrary of congress;
_c2013.
300 _a451 páginas ;
_c23 centímetros.
336 _atext
_2rdacontent
337 _aunmediated
_2rdamedia
338 _avolume
_2rdacarrier
490 0 _aWritings from the ancient world / Society of Biblical Literature ;
_v Number 33
504 _aBibliografía : páginas 415-445.
504 _aÍndice : páginas 447-451.
505 0 _aOld kingdom sources -- Sources from the reignd of tudhaliya i and arnuwanda -- Empire period sources.
526 _aP136
526 _aP135
526 _aP134
526 _aP133
526 _aP144
526 _aP143
526 _aP87
526 _aP35
526 _aP20
526 _aP14
526 _aP10
526 _aP06
650 0 4 _aHittite language.
650 0 4 _aLenguaje hitita.
910 _adbm
_bksl
_cksl
_d20171221
596 _a1
942 _2ddc
_cBOOK
999 _a939.3 M57
_wLC
_c26324
_i77722
_f2021-11-11
_g4
_lCCODEBUL1
_mBUL
_p39.90
_r0
_sY
_tBOOK
_u2017-12-26
_xTEOLOGIA
_PP85
_0COMPRA
_o.STAFF. Colección Teología
_d26324
980 _81
_gALBERTO SANCHEZ Responsable de Automatización